Gewinnerinnen des Physik-Nobelpreises - Statistiken

Allgemein
  • Dieses Quiz wurde 139 mal gespielt
    72 seit der letzten Aktualisierung
  • Das Durchschnittsergebnis liegt bei 1 aus 5
Antwortstatistiken
Hint Antwort % Korrekt
1903 Marie Curie
100%
2018 Donna Strickland
11%
2023 Anne L‘Huillier
10%
1963 Maria Goeppert-Mayer
8%
2020 Andrea Ghez
5%
Keine übereinstimmenden Quizze gefunden
Verteilung der Resultate
Anzahl Personen mit jedem Resultat
Perzentil nach korrekt beantworteten Fragen
Ihre Resultats-Entwicklung
Sie haben dieses Quiz seit der letzten Aktualisierung nicht gespielt